Phân tích ảnh hưởng của sở hữu tập trung và sở hữu hỗn hợp đến rủi ro của các ngân hàng thương mại cổ phần Việt Nam : Luận văn tốt nghiệp Cao học. Chuyên ngành Tài chính - Ngân hàng

Phân tích ảnh hưởng của cấu trúc sở hửu (tập trung và hỗn hợp) đến rủi ro của các ngân hàng thương mại cổ phần Việt Nam. Trên cơ sở đó đề xuất một số khuyến nghị cho công tác quản trị rủi ro của các ngân hàng thương mại cổ phần Vie...

ver descrição completa

Na minha lista:
Detalhes bibliográficos
Autor principal: Phạm, Thanh Hoàng
Formato: Livro
Idioma:Undetermined
Publicado em: Cần Thơ Trường Đại Học Cần Thơ 2019
Assuntos:
Tags: Adicionar Tag
Sem tags, seja o primeiro a adicionar uma tag!
Thư viện lưu trữ: Trung tâm Học liệu Trường Đại học Cần Thơ
LEADER 01291nam a2200205Ia 4500
001 CTU_231467
008 210402s9999 xx 000 0 und d
082 |a 332.12 
082 |b H407 
088 |a 8340201 
100 |a Phạm, Thanh Hoàng 
245 0 |a Phân tích ảnh hưởng của sở hữu tập trung và sở hữu hỗn hợp đến rủi ro của các ngân hàng thương mại cổ phần Việt Nam : 
245 0 |b Luận văn tốt nghiệp Cao học. Chuyên ngành Tài chính - Ngân hàng 
245 0 |c Phạm Thanh Hoàng ; Lê Long Hậu (Cán bộ hướng dẫn) 
260 |a Cần Thơ 
260 |b Trường Đại Học Cần Thơ 
260 |c 2019 
520 |a Phân tích ảnh hưởng của cấu trúc sở hửu (tập trung và hỗn hợp) đến rủi ro của các ngân hàng thương mại cổ phần Việt Nam. Trên cơ sở đó đề xuất một số khuyến nghị cho công tác quản trị rủi ro của các ngân hàng thương mại cổ phần Việt Nam. 
650 |a Ngân hàng và nghiệp vụ ngân hàng,Banks and banking 
980 |a Trung tâm Học liệu Trường Đại học Cần Thơ